00579nam a2200157Ia 450000500170000000800410001708200130005824500370007126000330010830000180014150001220015970000220028194200060030395200970030999900150040620250219025706.0240331s9999 xx 000 0 und d bMAHa954 4aThe Mahavamsa :bchapters VII-XI aSri LankabAnula Pressc1958 aViii, 80 p ., aThe five chapters of the Mahavamsa edited in this book have been prescribed for the General Certificate in Education. aPannila, C. eedt cL 001040708LaWERCLbWERCLcSSCd2024-03-31l0o 954.93 MAHp188r2024-03-31w2024-03-31yL c3489d3489